Calciatori inglesi nella Squadra dell'anno UEFA - Statistics

Statistiche generali
  • Questo quiz è stato fatto 13 volte
  • Il punteggio medio è 4 su 5
Statistiche sulle risposte
Numero apparizioni Edizioni apparizioni Squadra Calciatore % Corretto
2 2001; 2003 Manchester United / Real Madrid David Beckham
91%
4 2005; 2007; 2008; 2009; Chelsea John Terry
91%
3 2005; 2006; 2007; Liverpool Steven Gerrard
91%
1 2019 Liverpool Trent Alexander-Arnold
73%
2 2004; 2010; Arsenal Ashley Cole
18%
Nessun quiz corrispondente trovato
Distribuzione punteggi
Percentuale di utenti per punteggio
Percentile per numero di risposta
I tuoi punteggi nel tempo
Non hai fatto questo quiz